=LDR 00000nam 2200000 4500 =001 INLIS000000000047428 =005 20151116102748.0 =006 =007 =008 =035 ##$$0010-111500000000032 =082 ##$$a 028.5 =090 ##$$a 028.5 kee a.5 =100 ##$$a keen achroni =245 ##$$a aneka kreatif =260 ##$$a kdt =300 ##$$a hln.24 =850 ##$$a NPBMAT =990 ##$$a 0001/BPAP-NTB/2015